Statistiques concernant Langue française: le jeu du dictionnaire #8

Cliquez ici pour prendre le quiz!

Statistiques générales

  • Ce quiz a été pris 185 fois
  • Le résultat moyen est 14 sur 20

Statistiques - réponses

CatégorieDéfinitionRéponse% Correct
NomGrand tissu avec lequel on s'enveloppe les épaulesChâle
98%
NomÉtendue de terre où l'on peut cultiverChamp
97%
NomHabitation alpine généralement en bois et à toit débordantChalet
96%
NomMammifère à bosse(s) typique des désertsChameau
96%
NomPièce où l'on dort dans une maisonChambre
95%
NomSensation que donne un corps chaudChaleur
94%
NomSiège à dossier et sans brasChaise
90%
NomSuite d'anneaux formant des maillons et servant, entre autre, à attacher ou ornerChaîne
88%
NomTristesse, peineChagrin
83%
NomSynonyme de défiChallenge
82%
NomGrand vacarme accompagné de désordre (dans une salle de classe par exemple)Chahut
81%
AdjectifSe dit d'une couleur beige rosé rappelant celle de la peauChair
77%
VerbeEn langage familier, se disputer, souvent pour pas grand choseChamailler (se)
76%
NomMammifère à petites cornes en crochets, typique des montagnes d'EuropeChamois
74%
NomAncien bateau de pêche équipé de voiles, souvent embarqué sur les grands naviresChaloupe
44%
AdjectifSe dit d'un visage sournois et ruséChafouin
36%
VerbeSaccager, chamboulerChambarder
19%
NomBatterie de tambour qui sonnait l'intention de capituler d'une ville assiégéeChamade
18%
NomCasaque d'homme et de femme au XVè et XVIè siècleChamarre
7%
AdjectifSe dit d'un corps associé au soufreChalcophile
2%

Distribution des résultats

Percentile par nombre de réponses

% des personnes avec chaque résultat

Votre développement - résultats

Vous n’avez pas pris ce quiz